Normal view
MARC view
- ادارة الاعمال-المهارات المكتبية
Entry Topical Term
001 - CONTROL NUMBER
- control field: 28715
003 - CONTROL NUMBER IDENTIFIER
- control field: JO-AjAnu
005 - DATE AND TIME OF LATEST TRANSACTION
- control field: 20230606074849.0
008 - FIXED-LENGTH DATA ELEMENTS
- fixed length control field: 230606|| aca||aabn | a|a d
040 ## - CATALOGING SOURCE
- Original cataloging agency: JO-AjAnu
- Transcribing agency: JO-AjAnu
150 ## - HEADING--TOPICAL TERM
- Topical term or geographic name entry element: ادارة الاعمال-المهارات المكتبية
670 ## - SOURCE DATA FOUND
- Source citation: Work cat.: (JO-AjAnu)14739: تاليف:شاويش،مصطفى نجيب, author 28714, ادارة المكاتب والاعمال المكتبية